[Event "VIE-ch U15"]
[Site "Ho Chi Minh City"]
[Date "2022.07.16"]
[Round "8"]
[White "Luu, Quoc Viet"]
[Black "Tran, Phat Dat"]
[Result "1-0"]
[WhiteElo "2301"]
[BlackElo "2299"]
[PlyCount "129"]
[EventDate "2022.07.11"]
[EventType "swiss"]
[EventRounds "9"]
[EventCountry "VIE"]
[SourceTitle "EXT 2023"]
[Source "ChessBase"]
[SourceDate "2022.10.05"]
[SourceVersion "1"]
[SourceVersionDate "2022.10.05"]
[SourceQuality "1"]

1. d4 Nf6 2. Bg5 Ne4 3. Bf4 d5 4. c4 e6 5. a3 Be7 6. e3 0-0 7. Bd3 b6 8. cxd5 exd5 9. Nf3 Re8 10. 0-0 Bd6 11. Bxd6 Qxd6 12. h3 Bf5 13. Qc2 Nd7 14. Nh4 Bg6 15. Nxg6 hxg6 16. Nc3 Nxc3 17. Qxc3 c5 18. dxc5 bxc5 19. Bb5 Red8 20. Rac1 Rac8 21. Rfd1 Nf6 22. Be2 Ne4 23. Qc2 Qe5 24. Bf3 Ng5 25. Bg4 f5 26. Be2 Ne6 27. Qc3 d4 28. Qd3 Kh7 29. Bf1 Rb8 30. exd4 Rxd4 31. Qc3 Qd6 32. Rxd4 cxd4 33. Qc6 Qe5 34. b4 Rb6 35. Qe8 Rb8 36. Qd7 Qf4 37. Rc4 Ng5 38. Qxa7 Rd8 39. Rc7 Ne6 40. Rd7 Rc8 41. g3 Qd2 42. Qb7 Rc2 43. Qf3 Ng5 44. Qf4 Qxf4 45. gxf4 Ne4 46. Rxd4 Ra2 47. Rd3 Nxf2 48. Re3 Ne4 49. Bg2 Nd2 50. b5 Nc4 51. Rb3 Nb6 52. Rc3 Na4 53. Rb3 Nb6 54. Re3 Na4 55. Bd5 Ra1+ 56. Kg2 Kh6 57. Bf7 Nc5 58. Rg3 Ne4 59. Rxg6+ Kh7 60. Ra6 Nc3 61. Bg6+ Kh6 62. Bxf5+ Kh5 63. Bg4+ Kh4 64. Ra8 Ra2+ 65. Kf3 1-0